000 00288nam a2200109Ia 4500
005 20251222154309.0
008 251222s9999||||xx |||||||||||||| ||spa||
082 _a868.9/M86
100 _a"Moreno Baez, Enrique"
245 0 _aAntología de la poesía española contemporánea
942 _cLIB
999 _c33325
_d33325